| 000 | 00732nam a22002057a 4500 | ||
|---|---|---|---|
| 005 | 20251108164851.0 | ||
| 008 | 250721s1968 xx 000 0 ara d | ||
| 082 | 1 | 4 | _a815/محم |
| 100 | 1 | _aدرويش، محمد طاهر | |
| 245 | 1 | 0 | _aالخطابة في صدر الإسلام / |
| 250 | _aط2. | ||
| 264 | 1 |
_aالقاهرة : _bدار المعارف، _c1968. |
|
| 300 | _a2ج | ||
| 490 | 0 | _aسلسلة المكتبة الأدبية | |
| 500 | _aالمحتويات 1. ج1- العصر الديني - عصر البعثة الإسلامية 2. ج2- العصر السياسي - عصر الدولة الأموية | ||
| 650 | 1 | 7 | _aالأدب العربي |
| 650 | 1 | 7 | _aالخطابة |
| 942 |
_2ddc _cBK |
||
| 999 |
_c16217 _d16217 |
||